书目信息 |
| 题名: |
天地会
|
|
| 作者: | ;中国人民大学清史研究所 编 | |
| 分册: | (三) | |
| 出版信息: | 北京 中国人民大学出版社 1982.12 |
|
| 页数: | 471页 | |
| 开本: | 20cm | |
| 丛书名: | 清史资料丛刊 | |
| 单 册: | ||
| 中图分类: | K254.42 | |
| 科图分类: | ||
| 主题词: | 中国--历史--1840~1949 | |
| 电子资源: | ||
| ISBN: | ||
| 000 | 00685nam0 2200229 45 | |
| 001 | 0312221749 | |
| 005 | 20040506111035.4 | |
| 010 | @dCNY2.10 | |
| 091 | @a11011.97 | |
| 100 | @a20031222d1982 km y0chiy0120 ea | |
| 101 | @achi | |
| 105 | @a z 000yy | |
| 200 | 1 | @a天地会@h(三)@ATian Di Hui@f中国人民大学清史研究所编@FZhong Guo Ren Min Da Xue Qing Shi Yan JiuSuo Bian |
| 210 | @a北京@c中国人民大学出版社@d1982.12 | |
| 215 | @a471页@d20cm | |
| 225 | @a清史资料丛刊 | |
| 410 | @12001 @a清史资料丛刊 | |
| 606 | 0 | @a中国@x历史@z1840~1949 |
| 690 | @aK254.42@v3 | |
| 711 | 02 | @a中国人民大学清史研究所@4编 |
| 801 | @aCN@bTSTCL@c20031222 | |
| 905 | @dK254.42@e13:3@f1@b90426 | |
| 天地会.(三)/中国人民大学清史研究所编.-北京:中国人民大学出版社,1982.12 |
| 471页;20cm.-(清史资料丛刊) |
| ISBN :CNY2.10 |
| ● |
| 相关链接 |
|
|
|
|
正题名:天地会
索取号:K254.42/13:3
 
预约/预借
| 序号 | 登录号 | 条形码 | 馆藏地/架位号 | 状态 | 备注 |
| 1 | 0090426 | 001574399 | 第二借阅区/ [索取号:K254.42/13:3] | 在馆 | |
| 2 | 0090427 | 001285898 | 第二样本阅览室/ [索取号:K254.42/13:3] | 在馆 |